Fundamentos de Geología (Registro nro. 26465)

Detalles MARC
000 -CABECERA
Longitud fija campo de control 01117nam a2200217 a 4500
003 - • IDENTIFICADOR DELl NÚMERO DE CONTROL
Identificador del número de control CO-ViMGA
008 - • CÓDIGOS DE INFORMACIÓN DE LONGITUD FIJA
Códigos de información de longitud fija 141112s2004 ck r 000 u spa d
020 ## - • NÚMERO INTERNACIONAL NORMALIZADO PARA LIBROS
Número Internacional Normalizado para Libros (ISBN) 970686024X
040 ## - FUENTE DE LA CATALOGACIÓN
Centro catalogador de origen CO-ViMGA
Lengua de catalogación spa
Centro transcriptor CO-ViMGA
082 04 - • NÚMERO DE LA CLASIFICACIÓN DECIMAL DEWEY
Número de clasificación (R) 551 W421f
100 1# - • PUNTO DE ACCESO PRINCIPAL-NOMBRE DE PERSONA
Nombre de persona Wicander, Reed; Monroe, James S.
245 10 - • TITULO PROPIAMENTE DICHO
Título Fundamentos de Geología
250 ## - • MENCIÓN DE EDICIÓN
Mención de edición 2
300 ## - • DESCRIPCIÓN FÍSICA
Extensión 112.p.il.
505 ## - • NOTA DE CONTENIDO CON FORMATO
Nota de contenido con formato Comprensión de la tierra : Geología física La tectónica de placas Minerales Las rocas ígneas y la actividad ígnea intrusiva Vulcanismo Intemperismo, erosión y suelo Sedimentos y rocas sedimentarias Metamorfismo y rocas metamórficas Los terremotos y el interior de la tierra Deformación y creación de montañas Desechamiento de masa Escurrimiento de agua Agua subterranea Glaciares y glaciación La acción del viento y los desiertos Piso oceánico, costas y procesos costeros El tiempo geológico Historia del la tierra Historia de la vida
590 ## - NOTAS LOCALES
Nota local Forma de adquisición : Premio - Mincultura - - Ejemplares : 2
650 14 - • PUNTO DE ACCESO ADICIONAL DE MATERIA - TÉRMINO DE MATERIA
Término de materia o nombre geográfico como elemento inicial GEOLOGIA
942 ## - ENTRADA DE ELEMENTOS AGREGADOS (KOHA)
Fuente de clasificaión o esquema Dewey Decimal Classification
Koha [por defecto] tipo de item LIbro
Existencias
Perdido Fuente de clasificación o esquema Estado Físico No para préstamo Forma de adquisición Localización permanente Localización actual Fecha adquisición Serie de enumeración / cronolog&íacute;a Préstamos totales Renovaciones totales Signatura completa Código de barras Fecha última consulta Fecha último préstamo Número de copia Fecha del precio de reemplazo Tipo de item de Koha
  Dewey Decimal Classification     Sala General Segundo Piso Biblioteca Pública Germán Arciniegas - Villavicencio Biblioteca Pública Germán Arciniegas - Villavicencio 12/04/2015 Volumen. 1 | 11/jun/2009 2 1 551 W421f 16816 11/16/2017 10/30/2017 Ej. 1 12/04/2015 LIbro
  Dewey Decimal Classification     Sala General Segundo Piso Biblioteca Pública Germán Arciniegas - Villavicencio Biblioteca Pública Germán Arciniegas - Villavicencio 12/04/2015 Volumen. 1 | 11/jun/2009 1 1 551 W421f 16816 - 1 06/20/2018 06/20/2018 Ej. 2 12/04/2015 LIbro









Instituto Departamental de Cultura del Meta - Red Departamental de Bibliotecas Públicas del Meta.